| 000 | 01759nam a2200313 i 4500 | ||
|---|---|---|---|
| 001 | 000044173 | ||
| 003 | DO-SdBNP | ||
| 005 | 20241114091811.0 | ||
| 007 | ta | ||
| 008 | 140603s2006 dr ac 000 0 spa d | ||
| 040 |
_aDO-SdBNP _bspa _cBNPHU _erda |
||
| 041 | _aspa | ||
| 082 | 4 |
_a972.9304 _bL817h 2006 _222 |
|
| 100 | 1 |
_aLockward, Angel, _eautor _4aut. _911034 |
|
| 245 | 1 | 0 |
_aHaití y República Dominicana : _b1852 informe torrente / _cÁngel Lockward |
| 250 | _aPrimera edición | ||
| 264 | 4 |
_aSanto Domingo, República Dominicana : _bComisión Permanente de Efemérides Patrias, _c2006. |
|
| 300 |
_a142 páginas : _bilustraciones ; _c23 cm. |
||
| 336 |
_atexto _btxt _2rdacontent |
||
| 337 |
_asin mediación _bn _2rdamedia |
||
| 338 |
_avolumen _bnc _2rdacarrier |
||
| 490 | 0 | _aDocumentos de la República | |
| 500 | _aIncluye referencias bibliográficas y notas al pie de las páginas | ||
| 505 |
_aDocumento de remisión del informe al consejo de ministros -- _tCarta de remisión del informe del gobernador y capitán general de la isla de Cuba -- _tInforme Torrente -- _tPrimera memoria sobre: La república Dominicana -- _tSegundo imperio de Haití. Segunda memoria sobre el imperio de haití -- _tCarta de fecha 7-IX-1855 Santo Domingo no. 29. D Juan de Abril -- _tCarta de fecha 21de septiembre de 1853 de Juan de abril, carta Torrente a Juan de abril en fecha -- _tCarta del cónsul inglés a Torrente de fecha -- _tCarta de Torrente al cónsul ingés de fecha 21-XI-1853 -- _tCarta de Torrente al presidente del consejo de ministros, Madrid, 21 de noviembre de 1853. |
||
| 590 | _aInventariado, 2022 / DG | ||
| 650 | 4 |
_aRepública Dominicana _xHistoria, 1844-1861 _977348 |
|
| 910 | _aDG. Validado. Control de Calidad/MAA | ||
| 942 |
_2ddc _cLBS1 |
||
| 999 |
_c52060 _d52060 |
||